Fast typing AAAAAAA to ZZZZZZZ - Statistics

General Stats
  • This quiz has been taken 659 times
  • The average score is 20 of 26
Answer Stats
Alphabet Answer % Correct
1 AAAAAAA
100%
2 BBBBBBB
93%
3 CCCCCCC
91%
4 DDDDDDD
91%
5 EEEEEEE
90%
6 FFFFFFF
87%
7 GGGGGGG
85%
8 HHHHHHH
84%
9 IIIIIII
83%
10 JJJJJJJ
82%
15 OOOOOOO
81%
11 KKKKKKK
80%
12 LLLLLLL
80%
17 QQQQQQQ
79%
16 PPPPPPP
78%
18 RRRRRRR
76%
13 MMMMMMM
75%
14 NNNNNNN
73%
20 TTTTTTT
73%
19 SSSSSSS
72%
21 UUUUUUU
69%
23 WWWWWWW
65%
22 VVVVVVV
61%
25 YYYYYYY
59%
24 XXXXXXX
58%
26 ZZZZZZZ
57%
No matching quizzes found
Score Distribution
Percent of People with Each Score
Percentile by Number Answered
Your Score History
You have not taken this quiz